ELECTRONICS 3, 4TH ED. (Record no. 730898)

MARC details
000 -LEADER
fixed length control field 00239nam a2200097Ia 4500
008 - FIXED-LENGTH DATA ELEMENTS--GENERAL INFORMATION
fixed length control field 230508s1985 xx 000 0 und d
041 ## - LANGUAGE CODE
Language code of text/sound track or separate title eng
100 ## - MAIN ENTRY--PERSONAL NAME
Personal name D C GREEN.
245 ## - TITLE STATEMENT
Title ELECTRONICS 3, 4TH ED.
260 ## - PUBLICATION, DISTRIBUTION, ETC.
Name of publisher, distributor, etc. PITMAN PUBLI, LANDAN
Date of publication, distribution, etc. 1985

No items available.